Kế toán và thuế trong doanh nghiệp

Lý luận chung về kế toán tài chính, mối quan hệ giữa kế toán tài chính và thuế trong quá trình quản lí và thu thuế ở doanh nghiệp. Các căn cứ tính thuế và các loại thuế trong doanh nghiệp: thuế giá trị gia tăng, tiêu thụ đặc biệt, xuất nh...

Cur síos iomlán

Đã lưu trong:
Sonraí Bibleagrafaíochta
Formáid: Leabhar
Teanga:Undetermined
Foilsithe: Hà Nội Thống Kê 2001
Ábhair:
Clibeanna: Cuir Clib Leis
Gan Chlibeanna, Bí ar an gcéad duine leis an taifead seo a chlibeáil!
Thư viện lưu trữ: Trung tâm Học liệu Trường Đại học Cần Thơ
LEADER 01168nam a2200193Ia 4500
001 CTU_155985
008 210402s9999 xx 000 0 und d
020 |c 45000 
082 |a 657.4 
082 |b Nh300 
245 0 |a Kế toán và thuế trong doanh nghiệp 
245 0 |c Võ Văn Nhị ... [et. al] 
260 |a Hà Nội 
260 |b Thống Kê 
260 |c 2001 
520 |a Lý luận chung về kế toán tài chính, mối quan hệ giữa kế toán tài chính và thuế trong quá trình quản lí và thu thuế ở doanh nghiệp. Các căn cứ tính thuế và các loại thuế trong doanh nghiệp: thuế giá trị gia tăng, tiêu thụ đặc biệt, xuất nhập khẩu, thu nhập doanh nghiệp, nhà đất, môn bài... Các giải pháp hoàn thiện kế toán tài chính. Văn bản pháp lí liên quan đến kế toán doanh nghiệp 
650 |a Accounting,Accounting,Tax accounting,Kế toán,Kế toán thuế 
904 |i Trọng Hiếu 
980 |a Trung tâm Học liệu Trường Đại học Cần Thơ